|
|
|
|
| LEADER |
00000nam0a2200000 4500 |
| 001 |
681295 |
| 005 |
20250922120609.0 |
| 010 |
|
|
|a 978-5-902514-53-4
|
| 090 |
|
|
|a 681295
|
| 100 |
|
|
|a 20250820d2012 m||y0rusy50 ca
|
| 101 |
0 |
|
|a rus
|
| 102 |
|
|
|a RU
|
| 105 |
|
|
|a a z 001yb
|
| 181 |
|
0 |
|a i
|b e
|
| 182 |
|
0 |
|a n
|
| 183 |
|
0 |
|a nc
|2 RDAcarrier
|
| 200 |
1 |
|
|a Виктор Кресс. Быть губернатором в эпоху перемен: хроника новейшей политической истории Томской области (1989-2012)
|f Сергей Никифоров
|
| 203 |
|
|
|a Текст
|b визуальный
|c непосредственный
|
| 210 |
|
|
|a Томск
|c Д-Принт
|d 2012
|
| 215 |
|
|
|a 272 с.
|c ил.
|
| 283 |
|
|
|a volume
|2 RDAcarrier
|
| 320 |
|
|
|a Библиогр.: с. 269-270
|
| 600 |
|
1 |
|a Кресс
|b В. М.
|c губернатор Томской области
|c кандидат экономических наук
|f 1948-
|g Виктор Мельхиорович
|9 10745
|
| 606 |
|
|
|a Государственные и политические деятели Российской Федерации
|x Внутренняя политика
|x Персоналии
|x Произведения
|9 83703
|
| 606 |
|
|
|a Государственная власть и управление в Томской области
|x История
|9 86668
|
| 610 |
1 |
|
|a биография
|
| 610 |
1 |
|
|a 20 век
|
| 610 |
1 |
|
|a 21 век
|
| 610 |
1 |
|
|a губернаторы
|
| 610 |
1 |
|
|a Томск
|
| 610 |
1 |
|
|a политика
|
| 610 |
1 |
|
|a выборы
|
| 610 |
1 |
|
|a экономика
|
| 610 |
1 |
|
|a персоналии
|
| 686 |
|
|
|2 rubbk
|a Ф3(2)8
|
| 686 |
|
|
|2 rubbk
|a Т3(253.3-4Том)
|
| 700 |
|
1 |
|a Никифоров
|b С.
|g Сергей
|
| 801 |
|
0 |
|c 20250821
|a RU
|b 63413507
|
| 942 |
|
|
|c BK
|